Southville International School and Colleges
Your cart is empty.
  • Cart
  • Lists
    Public lists Eva Luna New books Lux_list list_1
    Your lists Log in to create your own lists
  • Log in to your account
  • Your cookies
  • Search history
Southville International School and Colleges
  • Advanced search
  • Recent comments
  • Most popular
  • Libraries

Log in to your account

Log in with GOOGLE


If you do not have an external account, but do have a local account, you can still log in:

  1. Home
  2. MARC view: Incredibles, The /
Normal view MARC view ISBD view

Incredibles, The / (Record no. 112111)

[ view plain ]
MARC details
000 -LEADER
fixed length control field 00458nam a2200169 a 4500
001 - CONTROL NUMBER
control field 3184
005 - DATE AND TIME OF LATEST TRANSACTION
control field 20140414131928.0
008 - FIXED-LENGTH DATA ELEMENTS--GENERAL INFORMATION
fixed length control field 060202s19uu xx 00 eng d
020 ## - INTERNATIONAL STANDARD BOOK NUMBER
International Standard Book Number 9781844224777
050 ## - LIBRARY OF CONGRESS CALL NUMBER
Classification number ER
Item number In2 2004
245 ## - TITLE STATEMENT
Title Incredibles, The /
Statement of responsibility, etc ney Storybook Artist.
260 ## - PUBLICATION, DISTRIBUTION, ETC. (IMPRINT)
Place of publication, distribution, etc New York :
Name of publisher, distributor, etc penguin Company,
Date of publication, distribution, etc c2004.
300 ## - PHYSICAL DESCRIPTION
Extent 45 p. ; cm.
440 ## - SERIES STATEMENT/ADDED ENTRY--TITLE
Title Disney Pixar
650 ## - SUBJECT ADDED ENTRY--TOPICAL TERM
Topical term or geographic name as entry element Adventures and adventurers
General subdivision Fiction.
Holdings
Withdrawn status Lost status Damaged status Home library Current library Shelving location Date acquired Source of acquisition Total Checkouts Full call number Barcode Date last seen Price effective from Koha item type
      Munich Library Munich Library Easy Reading Section 01/02/2014     ER In2 2004 M3156 04/14/2014 04/14/2014 Books

Incredibles, The /

APA

(2004). Incredibles, The. New York: penguin Company.

Chicago

2004. Incredibles, The. New York: penguin Company.

Harvard

(2004). Incredibles, The. New York: penguin Company.

MLA

Incredibles, The. New York: penguin Company. 2004.

  • Place hold
  • Print
  • Cite
  • Add to your cart (remove)
  • Save record
    BIBTEX Dublin Core MARCXML MARC (non-Unicode/MARC-8) MARC (Unicode/UTF-8) MARC (Unicode/UTF-8, Standard) MODS (XML) RIS
  • More searches
    Search for this title in:
    Other Libraries (WorldCat) Other Databases (Google Scholar) Online Stores (Bookfinder.com) Open Library (openlibrary.org)

Exporting to Dublin Core...

SOUTHVILLE LIBRARY

Southville International School and Colleges Library

1281 Tropical Ave. Cor. Luxembourg St., BF Homes International, Las Pinas City

Tel. No. 8256374 / 252358 Loc. 117/146

Powered by Koha